| 000 | 01098nam a22002657a 4500 | ||
|---|---|---|---|
| 005 | 20110127111440.0 | ||
| 008 | 110127t xxu||||| |||| 00| 0 hin d | ||
| 010 | _aHIN-91654 | ||
| 020 |
_c250.00 _a9788188135431 |
||
| 035 | _aHN-64000 | ||
| 037 | _bDBAD / PUB | ||
| 040 |
_aDPL _bHN |
||
| 082 | _a370.113 | ||
| 100 |
_925632 _aसिंघल, पी.एन. |
||
| 245 |
_aकैरियर 10+2 के बाद / _cपी.एन. सिंघल |
||
| 246 |
_aCareer 10+2 ke baad _bby P.N. Singhal |
||
| 260 |
_aनई दिल्ली _bअनुरोध प्रकाशन _c2010 |
||
| 270 |
_aडी-75 बी, निहाल विहार _bनई दिल्ली _e110041 |
||
| 300 |
_a160पृ. _c22सेमी (सजिल्द) |
||
| 650 | _9657 | ||
| 650 |
_925656 _aशिक्षा _bEducation |
||
| 700 | _925634 | ||
| 942 |
_2ddc _cHN _h370.113 _mसिंघल |
||
| 999 |
_c50150 _d50150 |
||